Trading the silver seed: local knowledge and market moralities in aquacultural development (Record no. 81390)

MARC details
000 -LEADER
fixed length control field 01456nam a2200289 a 4500
008 - FIXED-LENGTH DATA ELEMENTS--GENERAL INFORMATION
fixed length control field 161031s1996 ||||||||||||||||| || u
010 ## - LIBRARY OF CONGRESS CONTROL NUMBER
LC control number 96904608
020 ## - INTERNATIONAL STANDARD BOOK NUMBER
International Standard Book Number 9781853393426
020 ## - INTERNATIONAL STANDARD BOOK NUMBER
International Standard Book Number 1853393193
050 ## - LIBRARY OF CONGRESS CALL NUMBER
Classification number HD 9465.B3 Lew
100 ## - MAIN ENTRY--PERSONAL NAME
Personal name Wood, Geoffrey D
245 10 - TITLE STATEMENT
Title Trading the silver seed: local knowledge and market moralities in aquacultural development
Statement of responsibility, etc. David J. Lewis, Geoffrey D. Wood [and] Rick Gregory.
260 ## - PUBLICATION, DISTRIBUTION, ETC.
Place of publication, distribution, etc. Bangladesh:
Name of publisher, distributor, etc. Intermediate Technology Publications
Date of publication, distribution, etc. 1996
300 ## - PHYSICAL DESCRIPTION
Extent viii, 199 p. : ill.
350 ## -
-- 8.04
500 ## - GENERAL NOTE
General note Includes bibliographical references (p. [189]-194) and index.
520 ## -
-- Study on social, economic and technical aspects of aquaculture in Bangladesh.
650 #0 - SUBJECT ADDED ENTRY--TOPICAL TERM
Topical term or geographic name entry element ECONOMIC DEVELOPMENT PROJECTS--BANGLADESH
650 #0 - SUBJECT ADDED ENTRY--TOPICAL TERM
Topical term or geographic name entry element AQUACULTURE INDUSTRY--BANGLADESH
650 #0 - SUBJECT ADDED ENTRY--TOPICAL TERM
Topical term or geographic name entry element AQUACULTURE--BANGLADESH
700 ## - ADDED ENTRY--PERSONAL NAME
Personal name Gregory, Rick
700 ## - ADDED ENTRY--PERSONAL NAME
Personal name Lewis, David J
995 ## -
-- MAIN LIBRARY OPEN ACCESS
-- 747030
-- CBU-MAIN LIBRARY (Kitwe)
-- HD 9465.B3 Lew
-- 1
-- AVAILABLE
-- Oct 31, 2016
-- 747030
-- Main Library Open Access Collection
995 ## -
-- MAIN LIBRARY OPEN ACCESS
-- 747031
-- CBU-MAIN LIBRARY (Kitwe)
-- HD 9465.B3 Lew
-- 2
-- AVAILABLE
-- Oct 31, 2016
-- 747031
-- Main Library Open Access Collection
995 ## -
-- MEDICAL LIBRARY OPEN ACCESS
-- 747032
-- CBU-SCHOOL OF MEDICINE LIBRARY (Ndola)
-- HD 9465.B3 Lew
-- 3
-- AVAILABLE
-- Oct 31, 2016
-- 747032
-- Medical Library Open Access Collection
999 ## -
-- 81390
-- 81390
Holdings
Withdrawn status Lost status Source of classification or shelving scheme Damaged status Not for loan Permanent Location Current Location Shelving location Date acquired Total Checkouts Full call number Barcode Date last seen Copy number Price effective from Koha item type
          CBU-MAIN LIBRARY, KITWE. CBU-MAIN LIBRARY, KITWE.   08/18/2023   HD 9465.B3 Lew 747030 08/18/2023 1 08/18/2023 MONOGRAPH
          CBU-MAIN LIBRARY, KITWE. CBU-MAIN LIBRARY, KITWE.   08/18/2023   HD 9465.B3 Lew 747031 08/18/2023 2 08/18/2023 MONOGRAPH
          CBU-SCHOOL OF MEDICINE LIBRARY, NDOLA. CBU-SCHOOL OF MEDICINE LIBRARY, NDOLA.   08/18/2023   HD 9465.B3 Lew 747032 08/18/2023 3 08/18/2023 MONOGRAPH